000 00461nam a2200157Ia 4500
008 231217s9999 xx 000 0 und d
020 _a8178810115
041 _aEnglish
082 _a657 SEE.1;1 R
100 _aSeethapathi, K ed. Srinivas, N. Padmavathi, C [et al...]
245 0 _aAccounting standards V.1 : cash flow statements, segments reporting
260 _c2001
_bICFAI Press
_aHyderabad
300 _avii, 214
650 _aICFAI
942 _cAA
999 _c181436
_d181436